00467 2200169 4500245011000000250001100110100002300121700002300144700001600167650001600183005001900199260000900218041001400227084001100241500003600252336000900288 aLaporan Hasil Praktik Kerja Industri Sheraton Grand Jakarta Gandaria City HotelcSabrina Dema PutrihText aCet. 1 aSabrina Dema Putri aSiti Adhina Flavia aTiara Rizky aLaporan PKL a20231030133206 c2022 aIndonesia a378.34 aLaporan PKL Kelas XI Perhotelan atext